000 00840nam a22002537a 4500
999 _c216326
_d216326
005 20260224094517.0
008 260224b ||||| |||| 00| 0 eng d
020 _a9787107344305
040 _aLC
_cUNZA
_dRDA
_eRDA
050 _aPZ 10.3
_bLAG
100 _aLagerlof, Selma
_d1858-1940
245 _aThe wonderful adventures of Nils/
_cSelma Lagerlof; Translated by Shi Qinniang
250 _aEdited by Cao Wenxuan and Chen Xianyun
260 _aBeijing:
_bPeoples Education Press,
_c2020
300 _a450p.:
_bill.
336 _aText
337 _aUnmediated
338 _aVolume
440 _aHappy Reading Bar: Masterpiece Reading Curriculum Series
_vGrade 6, volume 2, Part 2
650 _aSwedes
_xJuvenile fiction
650 _aVoyages and travels
_xJuvenile fiction
650 _aGeese
_xJuvenile fiction
942 _cBOOK